| 000 | 00443nam a2200157Ia 4500 | ||
|---|---|---|---|
| 003 | GCL | ||
| 008 | 140319s9999 xx 000 0 ara d | ||
| 040 |
_aGCL / _cGCL |
||
| 082 | 0 | 4 |
_aم _b031 _bن م |
| 100 | 1 | _aنوبيليس | |
| 245 | 1 | 0 |
_aموسوعة الشباب نوبيليس / _cنوبيليس |
| 700 | 1 | _aسمير عازار (اشراف) | |
| 490 |
_aماذا اعرف _v0 |
||
| 650 | 0 | 4 | _aدوائر المعارف |
| 942 |
_2ddc _cREF |
||
| 999 |
_c59614 _d59614 |
||